Estructuras de datos y algoritmos con Java / Adam Drozdek (Registro nro. 23259)
[ vista simple ]
| 000 -LÍDER | |
|---|---|
| fixed length control field | 00542nam a2200157 4500 |
| 008 - ELEMENTOS DE LONGITUD FIJA -- INFORMACIÓN GENERAL | |
| fixed length control field | 0 2007 0a 000 0Mex |
| 020 ## - NÚMERO INTERNACIONAL NORMALIZADO PARA LIBROS | |
| ISBN | 978-970-686-611-0 |
| 050 ## - SIGNATURA TOPOGRAFICA DE LA BIBLIOTECA DEL CONGRESO (LC) | |
| Número de Clasificación | QA76.73.J38 D69518 2007 |
| 082 ## - NUMERO DE CLASIFICACION DECIMAL DEWEY | |
| Número de Clasificación | 005.73 D695e 2007 |
| 100 ## - ASIENTO PRINCIPAL--NOMBRE PERSONAL | |
| Nombre personal | Drozdek, Adam |
| 245 ## - TÍTULO | |
| Título | Estructuras de datos y algoritmos con Java / Adam Drozdek |
| 250 ## - MENCIÓN DE EDICIÓN | |
| Mención de edición | 2 |
| 260 ## - PUBLICACIÓN, DISTRIBUCIÓN, ETC. (PIE DE IMPRENTA) | |
| Lugar de publicación, distribución, etc. | México : Thomson |
| 300 ## - DESCRIPCIÓN FÍSICA | |
| Extensión | xvi, 752 p. / 24 cm. |
| 650 ## - ASIENTO SECUNDARIO DE MATERIA - TERMINO TEMÁTICO | |
| Término temático o nombre geográfico como elemento de entrada | 1. JAVA (LENGUAJE DE PROGRAMACION PARA COMPUTADORAS ) \ 2. ESTRUCTURA DE DATOS \ 3. ALGORITMOS COMPUTACIONALES |
| No. biblioteca | No. biblioteca | Número de clasificación | Código de barras/Número de adquisición | Número de copia | Tipo de material |
|---|---|---|---|---|---|
| LUIS G. INCLAN | LUIS G. INCLAN | 005.73 D695e 2007 | 49113 | 1 | Libros |
| LUIS G. INCLAN | LUIS G. INCLAN | 005.73 D695e 2007 | 49114 | 2 | Libros |
| LUIS G. INCLAN | LUIS G. INCLAN | 005.73 D695e 2007 | 49226 | 3 | Libros |
| LUIS G. INCLAN | LUIS G. INCLAN | 005.73 D695e 2007 | 49343 | 4 | Libros |
| ÁREA DE SISTEMAS COMPUTACIONALES | ÁREA DE SISTEMAS COMPUTACIONALES | 005.73 D695e 2007 | 50259 | 5 | Libros |
